Famous Works by Tchaikovsky - Statistics

General Stats
  • This quiz has been taken 151 times
  • The average score is 6 of 12
Answer Stats
Hint Answer % Correct
A Christmas ballet The Nutcracker
91%
Cannons 1812 Overture
83%
Odette and Odile (ballet) Swan Lake
75%
Overture-Fantasy on a play by Shakespeare Romeo and Juliet
68%
A princess awakens after a kiss (ballet) The Sleeping Beauty
62%
Nickname for his sixth symphony Pathétique
54%
Well known opera named after the main character Eugene Onegin
32%
Twelve short pieces for piano The Seasons
31%
A symphony based on a poem by Lord Byron Manfred
21%
The Russians come to aid the Serbians Marche slave
21%
Name for his string sextet Souvenir de Florence
16%
Religious a cappella choral composition Liturgy of St. John {Chrysostom}
13%
No matching quizzes found
Score Distribution
Percent of People with Each Score
Percentile by Number Answered
Your Score History
You have not taken this quiz